000 00524nam a2200193Ia 4500
003 GCL
008 140319s9999 xx 000 0 ara d
040 _aGCL /
_cGCL
082 0 4 _a346.153
_bم ج
100 1 _aمجدى محب حافظ
245 1 0 _aجرائم العرض /
_cمجدى محب حافظ
260 _a[S.N] :
_bدار الفكر الجامعى ،
_c1993
300 _a471 ص
490 _a
650 0 4 _aالقانون الجنائى
650 0 4 _aالقانون
650 0 4 _aمصر
942 _2ddc
_cBK
999 _c48973
_d48973